Mechanics (Record no. 24466)

MARC details
000 -LEADER
fixed length control field 00592nam a22002177a 4500
003 - CONTROL NUMBER IDENTIFIER
control field OSt
005 - DATE AND TIME OF LATEST TRANSACTION
control field 20260128110807.0
008 - FIXED-LENGTH DATA ELEMENTS--GENERAL INFORMATION
fixed length control field 210707b ||||| |||| 00| 0 eng d
020 ## - INTERNATIONAL STANDARD BOOK NUMBER
International Standard Book Number 9783662554883
082 ## - DEWEY DECIMAL CLASSIFICATION NUMBER
Classification number 531
Item number SCHM
100 ## - MAIN ENTRY--PERSONAL NAME
Personal name Scheck, Florian
245 ## - TITLE STATEMENT
Title Mechanics
Statement of responsibility, etc by Florian Scheck
Remainder of title : from newton's laws to deterministic chaos
250 ## - EDITION STATEMENT
Edition statement 6th ed.
260 ## - PUBLICATION, DISTRIBUTION, ETC. (IMPRINT)
Place of publication, distribution, etc Berlin
Name of publisher, distributor, etc Springer
Date of publication, distribution, etc 2018
300 ## - PHYSICAL DESCRIPTION
Extent xvii, 591p.
546 ## - LANGUAGE NOTE
Language note English
650 ## - SUBJECT ADDED ENTRY--TOPICAL TERM
Source of heading or term Mechanics, Applied--Mathematics
650 ## - SUBJECT ADDED ENTRY--TOPICAL TERM
Source of heading or term Deterministic chaos
650 ## - SUBJECT ADDED ENTRY--TOPICAL TERM
Source of heading or term Mathematical physics
942 ## - ADDED ENTRY ELEMENTS (KOHA)
Source of classification or shelving scheme Dewey Decimal Classification
Koha item type Books
Holdings
Withdrawn status Lost status Source of classification or shelving scheme Damaged status Not for loan Collection code Home library Current library Department Date acquired Source of acquisition Cost, normal purchase price Inventory number(Invoice/Date) Full call number Barcode Date last seen Price effective from Koha item type
    Dewey Decimal Classification     General Text Book Central University Of Rajasthan Central University Of Rajasthan Physics 07/07/2021 Technical Bureau 8781.12 TB2887/24-02-2021 531 SCHM 35950 07/07/2021 07/07/2021 Books